Pashanim - Quiz #1 - Statistiken

Allgemein
  • Dieses Quiz wurde 343 mal gespielt
  • Das Durchschnittsergebnis liegt bei 8 aus 15
Antwortstatistiken
Frage Antwort % Korrekt
Aus welcher Stadt kommt Pashanim Berlin
97%
Wie alt ist Pashanim? (Stand Dezember 2024) 24
78%
Wie lautet ein bekanntes Markenzeichen von Pashanims Songs? Alltagsszenen aus Berlin in den Texten
71%
Welches Thema dominiert oft Pashanims Lyrics? Der Berliner Alltag
69%
Welche besondere Sportart spielt eine Rolle in einigen Videos von Pashanim? Fußball
65%
Wie heißt Pashanim? Can David Bayram
62%
Welcher Song von Pashanim war 2020 mehrere Wochen auf Platz 1 der deutschen Single-Charts Airwaves
54%
Welche deutsche Rap-Legende hat Pashanim als Inspiration genannt? Bushido
52%
Mit welchem Song schaffte Pashanim 2020 den Durchbruch? Airwaves
40%
Welches Video-Element ist ein Markenzeichen von Pashanims Musikvideos? Wackelnde Handkamera-Aufnahme
39%
In welchem Jahr gründete Pashanim das Kollektiv Playboysmafia? 2017
34%
Welche Bedeutung hat der Name "Pashanim"? Er ist ein Spitzname aus seiner Jugend.
34%
Pashanim´s größter Hit Airwaves
33%
Welches Musikvideo von Pashanim wurde von ihm selbst mit dem Kollektiv Playboysmafia produziert? Shababs Bottem
26%
Wann ist Pashanim geboren? 25. November 2000
22%
Keine übereinstimmenden Quizze gefunden
Verteilung der Resultate
Anzahl Personen mit jedem Resultat
Perzentil nach korrekt beantworteten Fragen
Ihre Resultats-Entwicklung
Sie haben dieses Quiz noch nicht gespielt